| 000 | 01044nam a22002537a 4500 | ||
|---|---|---|---|
| 001 | BD-DhSAU 8820 | ||
| 003 | BD-DhSAU | ||
| 005 | 20181210114527.0 | ||
| 008 | 150420b2010 bg ||||| m||| 00| 0 eng d | ||
| 040 | _aBD-DhSAU | ||
| 082 |
_222 _a581 _bK112 |
||
| 100 |
_aKabir, Md. Headayet Ullah _eRegistration # 03-01157 |
||
| 245 |
_aEffect of reduced light intensities on growth and yield of two cucurbits / _bMS thesis _c Md. Headayet Ullah Kabir |
||
| 260 |
_aSher-e-Bangla Agricultural University : _bDepartment of Agricultural Botany, _c2010. |
||
| 300 |
_avii, 67 p. : _c30 cm. _bill. ; |
||
| 500 | _aMS thesis of Department of Agricultural Botany, Faculty of Agriculture, Sher-e-Bangla Agricultural University, Dhaka | ||
| 504 | _aIncludes bibliographical reference. | ||
| 590 | _aJerin | ||
| 650 | _aAgricultural Botany | ||
| 700 |
_aHaque, Md. Moinul _eSuperviser |
||
| 700 |
_aAhamed, Kamal Uddin _eCo-superviser |
||
| 856 | _uhttp://archive.saulibrary.edu.bd:8080/xmlui/handle/123456789/328 | ||
| 942 |
_2ddc _cTHESIS |
||
| 999 |
_c8820 _d8820 |
||